|
|
|
|
| LEADER |
00801cam a2200205 7i4500 |
| 001 |
0000019693 |
| 005 |
20070903090000.0 |
| 022 |
0 |
0 |
|a 0128-9306
|
| 090 |
0 |
0 |
|a M 641.3025
|b MAL
|
| 245 |
0 |
0 |
|a Malaysia food business directory 2007/ 2008.
|
| 260 |
0 |
0 |
|a Shah Alam:
|b Marshall Cavendish,
|c 2007.
|
| 300 |
# |
# |
|a 195 p.
|
| 650 |
0 |
0 |
|a Food --
|x Directories --
|z Malaysia
|
| 650 |
0 |
0 |
|a Beverages --
|x Directories --
|z Malaysia
|
| 651 |
0 |
0 |
|a Malaysia
|
| 999 |
|
|
|a JHR000021H
|b Directories
|c Malaysia
|e MATRADE Southern Regional Office
|
| 999 |
|
|
|a PNG000696H
|b Directories
|c Malaysia
|e MATRADE Northern Regional Office
|
| 999 |
|
|
|a PNG000697H
|b Directories
|c Malaysia
|e MATRADE Northern Regional Office
|
| 999 |
|
|
|a SRW000101H
|b Directories
|c Malaysia
|e MATRADE Sarawak
|
| 999 |
|
|
|a SRW000102H
|b Directories
|c Malaysia
|e MATRADE Sarawak
|